| 000 | 00683nam a22001817a 4500 | ||
|---|---|---|---|
| 005 | 20250611105431.0 | ||
| 010 | _aENG-145271 | ||
| 020 |
_a9789391399528 _c450.00 |
||
| 035 | _aEN-128803 | ||
| 037 | _bDBAD | ||
| 082 |
_a306.6751083 _21 |
||
| 245 |
_aSt Thomas Christmas Through the Ages: _bA Study in Socio-Religious Life/ _cEdited by K S Mathew; Joseph Chacko Chennattuserry [and] Francis Thonippara |
||
| 260 |
_aBengaluru _bATC Publishers _c2022 |
||
| 270 |
_a9/12-1, 1st Floor, Lloyd's Road Cooke Town _bBengaluru _e560005 _madmin@atcpublishers.com |
||
| 300 |
_a342p _c22cm(pb) |
||
| 700 |
_aMathew, K S _eAuthor _981865 |
||
| 942 |
_2ddc _cEN _mSTT _h306.6751083 |
||
| 999 |
_c211718 _d211718 |
||